| 000 | 00370nam a22001337a 4500 | ||
|---|---|---|---|
| 005 | 20200619135510.0 | ||
| 008 | 200619b xxu||||| |||| 00| 0 eng d | ||
| 082 | _a345.4 LIC | ||
| 110 |
_aALL INDIA REPORTER _96217 |
||
| 245 | _aLABOUR AND INDUSTRIAL CASES [1996] P-II JOURNAL | ||
| 260 |
_aMUMBAI _bALL AINDIA REPORTER Pvt.Ltd _c1996 |
||
| 650 |
_aLAW _95701 |
||
| 942 | _cJRL | ||
| 999 |
_c7313 _d7311 |
||